| 000 | 01543nam a22003377a 4500 | ||
|---|---|---|---|
| 005 | 20250730104555.0 | ||
| 010 | _aHIN-130060 - 130064 | ||
| 020 |
_a9789390702787 _c1100.00 |
||
| 020 |
_a9789390702787 _c1100.00 |
||
| 020 |
_a9789390702787 _c1100.00 |
||
| 020 |
_a9789390702787 _c1100.00 |
||
| 020 |
_a9789390702787 _c1100.00 |
||
| 035 | _aHN-102406 | ||
| 035 | _aHN-102407 | ||
| 035 | _aHN- 102408 | ||
| 035 | _aHN-102409 | ||
| 035 | _aHN-102410 | ||
| 037 | _bDBAD | ||
| 082 | _a921 | ||
| 245 |
_aप.दीनदयाल उपाध्याय जीवन दर्शन और समसामयिकता ( पांच खण्डो मै) / _bबजरंग लाल गुप्ता |
||
| 260 |
_aनई दिल्ली _bकिताबवाले |
||
| 270 |
_a22/4735, प्दरकाश दीप बिल्डिंग , अंसारी रोड, दरियागंज _bनई दिल्ली - 110002 |
||
| 300 |
_a205 पृ. _c22.4 सेमी (सजिल्द) |
||
| 300 |
_a243 पृ. _c22.4 सेमी (सजिल्द) |
||
| 300 |
_a206 पृ. _c22.4 सेमी (सजिल्द) |
||
| 300 |
_a267 पृ. _c22.4 सेमी (सजिल्द) |
||
| 300 |
_a131 पृ. _c22.4 सेमी (सजिल्द) |
||
| 490 | _v1,2,3,4,5 | ||
| 700 |
_aकृष्णकांत शर्मा और अमित राय जैन और संजय वर्मा _983490 |
||
| 942 |
_2ddc _cHN _h921 _mउपाध्या |
||
| 999 |
_c212727 _d212727 |
||